[Event "45th Olympiad Budapest 2024"]
[Site "Budapest"]
[Date "2024.09.19"]
[Round "8"]
[Board "4"]
[White "Do Valle Cardoso, Lucas"]
[Black "Grigorov, Grigor"]
[Result "1-0"]
[WhiteElo "2364"]
[BlackElo "2514"]
[PlyCount "109"]
[EventDate "2024.09.11"]
[EventType "team-tourn"]
[EventRounds "11"]
[EventCountry "HUN"]
[WhiteTeam "Brazil"]
[BlackTeam "Bulgaria"]
[WhiteTeamCountry "BRA"]
[BlackTeamCountry "BUL"]

1. e4 c6 2. d4 d5 3. e5 Bf5 4. Nf3 e6 5. Be2 Nd7 6. O-O a5 7. Nbd2 a4 8. c4 h6 9. cxd5 cxd5 10. Nb1 Ne7 11. a3 ({RR} 11. Nc3 a3 12. bxa3 Nc6 13. Nb5 Be7 14. Bd3 Bxd3 15. Qxd3 Nb6 16. Rb1 O-O 17. h3 Nc4 18. Nh2 Ra5 19. Ng4 h5 20. Ne3 Nxe3 21. Bxe3 Qd7 22. Rfc1 Rfa8 23. Rc3 Ra4 24. Qd1 h4 25. Qh5 Bxa3 {½-½ Matlakov,M (2663)-Kukhmazov,A (2502) TCh-RUS Premier 2024 (6.16)}) 11... Nc6 12. Nc3 Qa5 13. Bd2 $146 ({RR} 13. Bb5 Nb6 14. Bd2 Qa7 15. Na2 Nc4 {½-½ Fier,A (2599)-Iturrizaga Bonelli,E (2637) 54th Italian Teams GpB 2023 (2)}) ({RR} 13. Bb5 Nb6 14. Nh4 Bh7 15. f4 Be7 16. f5 Bxh4 17. fxe6 O-O 18. Qg4 Kh8 19. Bxh6 gxh6 20. Qxh4 fxe6 21. Qxh6 Rf5 22. Rxf5 exf5 23. Rf1 Nxd4 24. e6 Nxe6 25. Qxe6 Rf8 26. Qe5+ Kg8 27. Rf3 f4 {1-0 Petrosyan,M (2627)-Ashraf,A (2309) Astana Zhuldyzdary Open A 2023 (8.16)}) 13... Qa7 14. Bb5 Bg4 15. Be3 Nb6 16. h3 Bh5 17. Bd3 Be7 18. g4 Bg6 19. Bxg6 fxg6 20. Qc2 g5 21. Nb5 Qb8 22. Qg6+ Kd7 23. Qxg7 Qf8 24. Qxf8 Rhxf8 25. Nd2 Na5 26. Rac1 Nbc4 27. Nxc4 Nxc4 28. Rc2 Ra5 29. Nc3 Rf3 30. Nd1 Ra8 31. Kg2 Raf8 32. Rc3 b5 33. Bxg5 Rxc3 34. Bxe7 Kxe7 35. Nxc3 Nxb2 36. Nxb5 Rb8 37. Nc3 Rb3 38. Rb1 Rxc3 39. Rxb2 Rb3 40. Rc2 Kd7 41. Rc5 Rd3 42. Ra5 Rxd4 43. Ra7+ Ke8 44. f3 Rc4 45. Kg3 d4 46. Ra6 Ke7 47. Rd6 Rc3 48. Rxd4 Rxa3 49. Rd6 Ra1 50. Ra6 a3 51. Ra7+ Kd8 52. f4 Kc8 53. g5 hxg5 54. fxg5 Kb8 55. Ra4 1-0

[Event "45th Olympiad Budapest 2024"]
[Site "Budapest"]
[Date "2024.09.19"]
[Round "8"]
[Board "1"]
[White "Henderson De La Fuente, Lance"]
[Black "Fedoseev, Vladimir"]
[Result "0-1"]
[WhiteElo "2519"]
[BlackElo "2692"]
[PlyCount "58"]
[EventDate "2024.09.11"]
[EventType "team-tourn"]
[EventRounds "11"]
[EventCountry "HUN"]
[WhiteTeam "Andorra"]
[BlackTeam "Slovenia"]
[WhiteTeamCountry "AND"]
[BlackTeamCountry "SLO"]

1. e4 c6 2. Nf3 d5 3. d3 g6 4. e5 Bg7 5. d4 f6 6. exf6 exf6 7. Be2 Na6 8. O-O Nc7 9. c4 Ne7 10. Nc3 O-O 11. Re1 $146 ({RR} 11. b3 Be6 12. Re1 Re8 13. Ba3 Bf8 14. Rc1 Bf7 15. Qd2 Qd7 16. Bd3 Rad8 17. h3 Ne6 18. Rcd1 Kg7 19. Bc1 Kg8 20. Ba3 Kg7 21. Bb2 g5 22. h4 h6 23. hxg5 hxg5 24. Ne2 Bg6 25. Ba3 Bxd3 {1-0 Safarli,E (2594)-Aronyak,G (2528) 24th Dubai Open A 2024 (9.4)}) 11... g5 12. Bd3 dxc4 13. Bxc4+ Kh8 14. h3 Bf5 15. Ne4 g4 16. hxg4 Bxg4 17. Qd3 Ng6 18. Nh2 Bf5 19. Bd2 Qd7 20. Rad1 Rfe8 21. Bc1 Re7 22. Nf1 Rae8 23. f3 Nh4 24. Nfg3 Bg6 25. Rf1 f5 26. Nc3 f4 27. Nge4 Nd5 28. Ne2 Nxg2 29. Kxg2 Rxe4 0-1

[Event "45th Olympiad Budapest 2024"]
[Site "Budapest"]
[Date "2024.09.19"]
[Round "8"]
[Board "2"]
[White "Demchenko, Anton"]
[Black "Fluvia Poyatos, Jordi"]
[Result "1-0"]
[WhiteElo "2597"]
[BlackElo "2438"]
[PlyCount "91"]
[EventDate "2024.09.11"]
[EventType "team-tourn"]
[EventRounds "11"]
[EventCountry "HUN"]
[WhiteTeam "Slovenia"]
[BlackTeam "Andorra"]
[WhiteTeamCountry "SLO"]
[BlackTeamCountry "AND"]

1. e4 c6 2. d4 d5 3. e5 c5 4. dxc5 e6 5. c3 Nd7 6. Nf3 Bxc5 7. Nbd2 Qc7 ({RR} 7... f6 8. exf6 Ngxf6 9. b4 Bd6 10. Nb3 O-O 11. Be2 e5 12. Bg5 e4 13. Nfd4 Ne5 14. O-O a6 15. h3 Qe8 16. Bh4 Ng6 17. Bg3 Nf4 18. Qd2 Nxe2+ 19. Qxe2 Qe7 20. Rad1 Bd7 21. Bxd6 Qxd6 22. Nc5 {1-0 Schippke,M (2162)-Unuk,L (2346) European Women Blitz 2023 2024 (11.12)}) 8. Nb3 Bb6 9. Bf4 Ne7 10. Nbd4 $146 ({RR} 10. Bd3 Ng6 11. Bg3 Ngxe5 12. Nxe5 Nxe5 13. Bb5+ Ke7 14. O-O f6 15. Re1 a6 16. Ba4 h5 17. h4 Kf7 18. Nd4 Bc5 19. Re3 Bd6 20. Qe2 Ng4 21. Rxe6 Bxg3 22. fxg3 Ne5 23. Re8 Bg4 24. Rxa8 Bxe2 {1-0 Pichot,A (2633)-Bacallao Alonso,Y (2590) Portuguese Top League 2023 (1.3)}) 10... a6 11. Bd3 Nc5 12. Bc2 Bd7 13. O-O Ng6 14. Bg3 O-O 15. Qe2 h6 16. Rac1 Qc8 17. Rfe1 Qe8 18. h4 a5 19. Nd2 f5 20. exf6 Rxf6 21. N2f3 Nf4 22. Qd2 Bc7 23. Ne5 Ne4 24. Rxe4 dxe4 25. Bxf4 Rxf4 26. Qxf4 Qh5 27. Qxe4 Qxe5 28. Qh7+ Kf7 29. g3 Qf6 30. Qe4 Rb8 31. Re1 Bb6 32. Re3 Bxd4 33. Rf3 Bc6 34. Rxf6+ Bxf6 35. Qe2 b5 36. Be4 Bd7 37. Qe3 Rd8 38. Qa7 b4 39. Bc6 bxc3 40. bxc3 Ke8 41. Bxd7+ Rxd7 42. Qxa5 Rd2 43. c4 Rb2 44. c5 Kd7 45. Qa6 Be5 46. Qd3+ 1-0

[Event "45th Olympiad Budapest 2024"]
[Site "Budapest"]
[Date "2024.09.19"]
[Round "8"]
[Board "3"]
[White "De La Riva Aguado, Oscar"]
[Black "Subelj, Jan"]
[Result "1/2-1/2"]
[WhiteElo "2431"]
[BlackElo "2498"]
[PlyCount "50"]
[EventDate "2024.09.11"]
[EventType "team-tourn"]
[EventRounds "11"]
[EventCountry "HUN"]
[WhiteTeam "Andorra"]
[BlackTeam "Slovenia"]
[WhiteTeamCountry "AND"]
[BlackTeamCountry "SLO"]

1. e4 c5 2. Nf3 d6 3. d4 cxd4 4. Nxd4 Nf6 5. Nc3 a6 6. Be3 e5 7. Nf3 Be7 8. h3 h6 9. g4 ({RR} 9. Bc4 Be6 10. Bb3 Nc6 11. Nh4 Na5 12. Bxe6 fxe6 13. Ng6 Rg8 14. O-O Nc4 15. Bc1 Rc8 16. h4 Rc6 17. Qf3 Kf7 18. h5 Qc7 19. Nd1 Nb6 20. Ne3 Nbd7 21. c4 Nf8 22. Nh4 N8h7 23. b3 Ng5 {1-0 Nakamura,H (2760)-Duda,J (2750) Candidates Tournament 2022 (13)}) 9... Nbd7 ({RR} 9... Be6 10. g5 Nh7 11. h4 h5 12. Nd2 Nf8 13. Nc4 b5 14. Nb6 Ra7 15. a4 Rb7 16. axb5 Rxb6 17. bxa6 Nc6 18. a7 Nxa7 19. Rxa7 Rxb2 20. Bb5+ Nd7 21. Qc1 Rb4 22. Bxd7+ Bxd7 23. Nd5 Rxe4 24. Ra8 {0-1 Sathish,P (2337)-Krzywda,A (2208) Titled Tue 30th Jul Late 2024 (8)}) 10. g5 hxg5 11. Nxg5 Nh5 $146 ({RR} 11... Nc5 12. Qf3 Ne6 13. h4 Nd4 14. Bxd4 exd4 15. Nd5 Bg4 16. Nxf6+ Bxf6 17. Qxg4 Bxg5 18. Bc4 Rc8 19. Bb3 Rc5 20. f4 Rxh4 21. Rxh4 Bxh4+ 22. Ke2 Bf6 23. Rh1 Ke7 24. Rh5 Qa5 25. Rxc5 Qxc5 26. Qf3 {½-½ Samant,A (2467)-Ayush,S (2267) 19th Asian Continental 2022 (1.38)}) ({RR} 11... Qc7 12. Qf3 Rf8 13. O-O-O b5 14. h4 Nb6 15. Bxb6 Qxb6 16. Bh3 Bxh3 17. Rxh3 Rc8 18. Qf5 Qc6 19. Rd2 g6 20. Qf3 b4 21. Nd5 Nxd5 22. exd5 Qc4 23. b3 Qc3 24. Qxc3 bxc3 25. Rdd3 Rh8 26. Kd1 {1-0 Zhu,J (2467)-Garifullina,L (2423) World Rapid Women 2023 (3.1)}) 12. Rg1 Nf4 13. Nf3 g5 14. Nd5 Nxd5 15. Qxd5 g4 16. Bc4 Rf8 17. hxg4 Nf6 18. Qd3 Nxg4 19. O-O-O f5 20. exf5 Bxf5 21. Qe2 Qd7 22. Bb3 Qb5 23. Bc4 Qd7 24. Bb3 Qb5 25. Bc4 Qd7 1/2-1/2

[Event "45th Olympiad Budapest 2024"]
[Site "Budapest"]
[Date "2024.09.19"]
[Round "8"]
[Board "4"]
[White "Sebenik, Matej"]
[Black "Ribera Veganzones, Josep Maria"]
[Result "1-0"]
[WhiteElo "2515"]
[BlackElo "2167"]
[PlyCount "113"]
[EventDate "2024.09.11"]
[EventType "team-tourn"]
[EventRounds "11"]
[EventCountry "HUN"]
[WhiteTeam "Slovenia"]
[BlackTeam "Andorra"]
[WhiteTeamCountry "SLO"]
[BlackTeamCountry "AND"]

1. d4 d5 2. c4 e6 3. Nc3 Nf6 4. Bg5 dxc4 5. e3 a6 6. Bxc4 b5 ({RR} 6... c5 7. dxc5 Qxd1+ 8. Rxd1 Bxc5 9. Nf3 Nbd7 10. Ke2 b5 11. Bd3 Bb7 12. Rd2 h6 13. Bh4 O-O 14. Rc1 Rac8 15. Rdc2 Bd6 16. Bxf6 {½-½ Torrecillas Martinez,A (2310)-Ribera Veganzones,J (2174) 4th elllobregat Open 2023 (3.95)}) 7. Be2 c5 8. Bxf6 $146 ({RR} 8. dxc5 Qxd1+ 9. Rxd1 Bb7 10. Bf3 Bxf3 11. Nxf3 Bxc5 12. Bxf6 gxf6 13. Ke2 Ke7 14. Ne4 Bb6 15. Rd6 Bc7 16. Rd3 Bb6 17. Rc1 Ra7 18. Nd4 f5 19. Nd2 Rc7 20. Rxc7+ Bxc7 21. Rc3 Bd6 22. f4 f6 {1-0 Zvjaginsev,V (2664)-Kharlov,A (2581) RUS-chT 10th Group2 2003 (7)}) ({RR} 8. Bf3 Ra7 9. Nge2 Bb7 10. Bxb7 Rxb7 11. O-O Nbd7 12. Ne4 Be7 13. Bxf6 gxf6 14. dxc5 Nxc5 15. Qxd8+ Kxd8 16. Nxc5 Bxc5 17. Rac1 Rc7 18. Rfd1+ Ke7 19. g3 Rhc8 20. Nf4 Bd6 21. Rxc7+ Rxc7 22. Rd2 a5 {1-0 Mirzoev,A (2447)-Panda,S (2404) Titled Tue 30th Jan Early 2024 (11)}) ({RR} 8. Bf3 Ra7 9. Nge2 Bb7 10. Bxb7 Rxb7 11. O-O Rd7 12. Ne4 cxd4 13. Nxd4 Be7 14. Bxf6 Bxf6 15. Nxf6+ Qxf6 16. Qe2 O-O 17. a4 bxa4 18. Rfc1 e5 19. Nf3 Rd5 20. Rxa4 Qb6 21. Rac4 h6 22. h3 Rfd8 {½-½ Van der Stricht,G (2329)-Csonka,B (2497) 44th Ghent Open 2023 (9.6)}) 8... gxf6 9. Bf3 Ra7 10. Nge2 Nd7 11. O-O Be7 12. dxc5 Bxc5 13. a4 b4 14. Ne4 Be7 15. Nd6+ Kf8 16. Rc1 Rc7 17. Rxc7 Qxc7 18. Nxc8 Qxc8 19. Qd4 Ne5 20. Rc1 Nxf3+ 21. gxf3 Rg8+ 22. Kf1 Qb7 23. Qe4 Qxe4 24. fxe4 Rg5 25. Rc8+ Kg7 26. Rc7 Kf8 27. Rc6 a5 28. Rc8+ Kg7 29. Nd4 Rh5 30. Rc7 Kf8 31. Rc8+ Kg7 32. Kg2 Rg5+ 33. Kf3 Rh5 34. Rc7 Kf8 35. Ra7 Bd6 36. Nc6 Rh3+ 37. Kg2 Rxh2+ 38. Kg1 Rh5 39. Ra8+ Kg7 40. Rxa5 Rxa5 41. Nxa5 Kf8 42. Nc4 Bc5 43. Kg2 Ke7 44. Kg3 f5 45. exf5 exf5 46. Kf4 Ke6 47. b3 f6 48. a5 h5 49. Kg3 Kd5 50. f3 Ke6 51. Kh4 f4 52. e4 f5 53. e5 Ba7 54. Kxh5 Bd4 55. Kg6 Ba7 56. Kg5 Be3 57. a6 1-0

[Event "45th Olympiad Budapest 2024"]
[Site "Budapest"]
[Date "2024.09.19"]
[Round "8"]
[Board "1"]
[White "Duda, Jan-Krzysztof"]
[Black "Romanov, Evgeny"]
[Result "1-0"]
[WhiteElo "2732"]
[BlackElo "2567"]
[PlyCount "83"]
[EventDate "2024.09.11"]
[EventType "team-tourn"]
[EventRounds "11"]
[EventCountry "HUN"]
[WhiteTeam "Poland"]
[BlackTeam "North Macedonia"]
[WhiteTeamCountry "POL"]

1. e4 e5 2. Nf3 Nc6 3. Bc4 Nf6 4. d3 Be7 5. Nc3 d6 6. a3 O-O 7. Be3 a6 ({RR} 7... Be6 8. Nd5 Bxd5 9. exd5 Nb8 10. Ba2 Nbd7 11. d4 e4 12. Nd2 b5 13. Qe2 a6 14. Bg5 Nb6 15. Bxf6 Bxf6 16. c3 Re8 17. Nxe4 Bxd4 18. cxd4 f5 19. O-O Rxe4 20. Qc2 Qd7 21. Rac1 Re7 22. Rfe1 {0-1 Firouzja,A (2767)-Carlsen,M (2832) SpeedChess Final 2024 (2.12)}) ({RR} 7... Be6 8. Nd5 Qd7 9. Bb3 Bxd5 10. exd5 Nd4 11. Bxd4 exd4 12. Nxd4 Ng4 13. Ne6 fxe6 14. Qxg4 Rf6 15. dxe6 Qc6 16. O-O Raf8 17. Rae1 Rf4 18. Qe2 Qc5 19. c3 c6 20. d4 Qg5 21. g3 d5 22. Bc2 {1-0 Vocaturo,D (2629)-Nytra,O (2184) 17th Teplice Open 2024 (9.29)}) 8. h3 b5 9. Ba2 b4 $146 ({RR} 9... Bd7 10. Ne2 Qc8 11. c3 Qb7 12. Ng3 a5 13. O-O Nd8 14. Nh2 Qc8 15. f4 exf4 16. Bxf4 Ne6 17. Be3 h6 18. Qd2 Nh7 19. Nf5 Bg5 20. Bxg5 Kh8 21. Be3 Neg5 22. Nf3 Nxh3+ 23. gxh3 Bxf5 24. exf5 {1-0 Wawrinsky,L (1741)-Thonig,M (1553) Bad Griesbach Senioren op 12th 2009 (4)}) ({RR} 9... Bb7 10. O-O h6 11. Nh2 Nd4 12. f4 c5 13. fxe5 dxe5 14. Ng4 Nxg4 15. Qxg4 Bc8 16. Qh5 Be6 17. Rf2 Bxa2 18. Rxa2 Bh4 19. g3 Bg5 20. Bxg5 Qxg5 21. Qxg5 hxg5 22. Nd5 f6 23. b4 Ra7 24. bxc5 {1-0 Morozevich,A (2590)-Kirilenko UKR-chT Alushta 1994}) ({RR} 9... Bb7 10. O-O Re8 11. Ng5 Rf8 12. f4 Bc8 13. f5 b4 14. Nd5 Nxd5 15. Bxd5 Bxg5 16. Bxg5 Qxg5 17. Bxc6 Rb8 18. axb4 Rxb4 19. Ra2 Rb6 20. Bd5 c6 21. Bb3 Rd8 22. Qe1 Rb7 23. Bc4 Ra7 24. g4 {0-1 Schreiner,G-Hofer,E (1886) EU Union-ch U14 9th 2011 (1)}) 10. axb4 Nxb4 11. Bb3 c5 12. O-O Rb8 13. Nb1 Nc6 14. Nbd2 Nd4 15. Bc4 a5 16. Nb3 Nxf3+ 17. Qxf3 Ra8 18. Bg5 Bb7 19. Ra2 a4 20. Nd2 Nd7 21. Bxe7 Qxe7 22. Bb5 Nb6 23. Rfa1 d5 24. Qe2 dxe4 25. Nxe4 f5 26. Nc3 Qg5 27. f3 Kh8 28. Bxa4 c4 29. Qf2 Nxa4 30. Rxa4 Rxa4 31. Rxa4 cxd3 32. cxd3 h6 33. d4 exd4 34. Rxd4 Ra8 35. Kh2 Qf6 36. Qe3 Qb6 37. Qe5 Ra5 38. Qb8+ Kh7 39. Rd7 Ra1 40. Ne2 Ra7 41. Qe5 Qg6 42. Nf4 1-0

[Event "45th Olympiad Budapest 2024"]
[Site "Budapest"]
[Date "2024.09.19"]
[Round "8"]
[Board "2"]
[White "Lazov, Toni"]
[Black "Piorun, Kacper"]
[Result "1-0"]
[WhiteElo "2360"]
[BlackElo "2599"]
[PlyCount "57"]
[EventDate "2024.09.11"]
[EventType "team-tourn"]
[EventRounds "11"]
[EventCountry "HUN"]
[WhiteTeam "North Macedonia"]
[BlackTeam "Poland"]
[BlackTeamCountry "POL"]

1. e4 c6 2. d4 d5 3. e5 c5 4. dxc5 e6 5. Nf3 Bxc5 6. Bd3 Ne7 7. Nbd2 Nec6 8. a3 a5 9. O-O Nd7 10. Re1 Be7 $146 ({RR} 10... Qc7 11. Qe2 h6 12. Nb3 Be7 13. Bf4 O-O 14. h3 a4 15. Nbd4 Nc5 16. Nb5 Qb6 17. Nd6 Bxd6 18. exd6 Nxd3 19. Qxd3 Bd7 20. c4 d4 21. Rac1 Qc5 22. Ne5 Nxe5 23. Bxe5 f6 24. Qxd4 Rac8 25. Qxc5 {1-0 Harish,N (2075)-Piliczewski,B (1950) Titled Tuesday intern op 14th Jun Early blitz 2022 (10)}) 11. a4 Qc7 12. Qe2 Nc5 13. Bb5 O-O 14. Nf1 f5 15. exf6 Bxf6 16. Be3 Ne4 17. c3 Nd6 18. Ng3 e5 19. Qd2 Ne7 20. Bg5 Ndf5 21. Nxf5 Bxf5 22. Nxe5 Bxg5 23. Qxg5 Be4 24. Nd7 Rf7 25. f3 Rd8 26. fxe4 Rxd7 27. Bxd7 Qxd7 28. exd5 h6 29. Qe5 1-0

[Event "45th Olympiad Budapest 2024"]
[Site "Budapest"]
[Date "2024.09.19"]
[Round "8"]
[Board "3"]
[White "Bartel, Mateusz"]
[Black "Nikolovski, Nikola"]
[Result "1-0"]
[WhiteElo "2618"]
[BlackElo "2388"]
[PlyCount "89"]
[EventDate "2024.09.11"]
[EventType "team-tourn"]
[EventRounds "11"]
[EventCountry "HUN"]
[WhiteTeam "Poland"]
[BlackTeam "North Macedonia"]
[WhiteTeamCountry "POL"]

1. d4 c5 2. d5 e5 3. c4 d6 4. Nc3 Be7 5. g3 f5 ({RR} 5... Bg5 6. Bg2 Bxc1 7. Qxc1 Ne7 8. Nf3 O-O 9. O-O Nd7 10. a3 Nf6 11. Nd2 b6 12. b4 Nd7 13. f4 exf4 14. gxf4 Nf6 15. e4 Ng6 16. Qe1 Re8 17. Qf2 Bd7 18. Rae1 Rc8 19. bxc5 Rxc5 20. e5 {½-½ Fedoseev,V (2685)-Martinez Alcantara,J (2612) Bullet Chess Losers 2024 (1.16)}) 6. h4 ({RR} 6. Bg2 Nf6 7. Nf3 O-O 8. Ng5 Na6 9. Ne6 Bxe6 10. dxe6 Rb8 11. Nd5 Nc7 12. Nxc7 Qxc7 13. Bd5 Nxd5 14. cxd5 b5 15. O-O a5 16. e4 f4 17. f3 Bg5 18. Kh1 Bh6 19. Qe2 c4 20. Bd2 a4 {1-0 Chekletsov,I (2338)-Seletsky,G (2223) Titled Tue 6th Aug Late 2024 (8)}) 6... Nf6 7. Nf3 $146 ({RR} 7. Bh3 O-O 8. Qc2 e4 9. e3 Na6 10. a3 Nc7 11. Nge2 Nd7 12. Nf4 Ne5 13. b3 Bd7 14. O-O g6 15. Bg2 Bf6 16. Bb2 Qe7 17. f3 exf3 18. Bxf3 b5 19. cxb5 Nxb5 20. Rf2 Rab8 21. a4 Nxf3+ {½-½ Toshkov,T-Fries Nielsen,J (2300) World U20-ch17 1978 (11)}) ({RR} 7. Bh3 O-O 8. Qc2 Kh8 9. Nf3 Na6 10. Ng5 e4 11. Be3 Nc7 12. O-O-O Kg8 13. f3 exf3 14. exf3 g6 15. Rdg1 Kg7 16. g4 f4 17. Bxf4 Nfxd5 18. Bd2 Nf4 19. Bf1 h6 20. Nge4 Nce6 21. Ne2 Nxe2+ {½-½ Farrell,R (2176)-Tao,T (2413) Doeberl Cup 53rd 2015 (4)}) 7... h6 8. Bh3 O-O 9. Qc2 e4 10. Nd2 Nh5 11. Nf1 Bf6 12. Bd2 a6 13. Ne3 Bd4 14. a4 Kh8 15. Ng2 Nd7 16. e3 Ne5 17. exd4 cxd4 18. Nd1 Nf3+ 19. Kf1 e3 20. Ndxe3 Nxd2+ 21. Qxd2 dxe3 22. Qxe3 f4 23. gxf4 Qf6 24. Qd2 Bf5 25. Re1 Rac8 26. b3 b5 27. Bxf5 Qxf5 28. axb5 axb5 29. cxb5 Rc2 30. Qd4 Ra2 31. b6 Qg4 32. Qe3 Nxf4 33. Nxf4 Rxf4 34. Rh2 Ra8 35. Rg2 Qxh4 36. b7 Raf8 37. Kg1 Rg4 38. Ra1 Rxg2+ 39. Kxg2 Rb8 40. Ra8 Qg4+ 41. Kf1 Qd1+ 42. Qe1 Qd3+ 43. Qe2 Qb1+ 44. Kg2 Qg6+ 45. Kh2 1-0

[Event "45th Olympiad Budapest 2024"]
[Site "Budapest"]
[Date "2024.09.19"]
[Round "8"]
[Board "4"]
[White "Risteski, Emil"]
[Black "Gumularz, Szymon"]
[Result "1/2-1/2"]
[WhiteElo "2367"]
[BlackElo "2571"]
[PlyCount "96"]
[EventDate "2024.09.11"]
[EventType "team-tourn"]
[EventRounds "11"]
[EventCountry "HUN"]
[WhiteTeam "North Macedonia"]
[BlackTeam "Poland"]
[BlackTeamCountry "POL"]

1. e4 c5 2. Nf3 Nc6 3. d4 cxd4 4. Nxd4 e5 5. Nb5 d6 6. c4 Be6 7. Be2 a6 8. N5c3 g6 9. O-O Bg7 10. Nd5 Nd4 $146 ({RR} 10... Nf6 11. Nbc3 Bxd5 12. cxd5 Nd4 13. Be3 O-O 14. Bxd4 exd4 15. Qxd4 Nd7 16. Qb4 Nc5 17. Bf3 Qc7 18. Rad1 a5 19. Qb5 Rfe8 20. Rfe1 a4 21. Nb1 Kf8 22. Na3 Ra5 23. Qe2 Nxe4 24. Bxe4 f5 25. Qf3 {1-0 Hakimifard,G (2296)-Grob,J (2040) SUI-ch 121st 2022 (3)}) ({RR} 10... Nf6 11. Nbc3 O-O 12. Bg5 Nd4 13. Kh1 Bxd5 14. Nxd5 Ne6 15. Bxf6 Bxf6 16. Bg4 Nd4 17. f4 exf4 18. Rxf4 Bg7 19. Qf1 Ne6 20. Rf2 Qh4 21. Bf3 Be5 22. g3 Bxg3 23. Rg2 Be5 24. Qe1 Qxe1+ 25. Rxe1 {1-0 Kononenko,D (2207)-Quirke,J (1992) Titled Tue 23rd Apr Early 2024 (1)}) ({RR} 10... Nf6 11. Nbc3 Bxd5 12. cxd5 Nd4 13. Be3 Nd7 14. Bg4 Rc8 15. Qd2 O-O 16. Bxd7 Qxd7 17. Rac1 Rc7 18. Ne2 Rxc1 19. Rxc1 Rc8 20. Rc3 Nxe2+ 21. Qxe2 Rxc3 22. bxc3 Qa4 23. c4 Qb4 24. f3 f5 25. Bg5 {½-½ Wiedenbruch,P (2020)-De Winter,A (2378) Science Park Open A 2023 (1.3)}) 11. Nbc3 Nf6 12. Bg5 h6 13. Be3 Nxd5 14. cxd5 Bd7 15. Qd2 Rc8 16. Bd3 h5 17. Ne2 O-O 18. Qb4 Bb5 19. Bxb5 Nc2 20. Qd2 axb5 21. Rac1 Nxe3 22. Qxe3 Qa5 23. a3 Kh7 24. Qb3 Bh6 25. Rxc8 Rxc8 26. Nc3 Rc5 27. Rd1 Kg8 28. g3 Bg5 29. h4 Bd8 30. Kg2 Qa6 31. Rd3 Kg7 32. Qd1 Rc7 33. Re3 Rc4 34. g4 Bb6 35. Rd3 b4 36. axb4 Rxb4 37. gxh5 Rxb2 38. Rf3 Qa7 39. hxg6 fxg6 40. Qg1 Qa3 41. h5 Bxf2 42. Rxf2 Qxc3 43. Rxb2 Qxb2+ 44. Kh1 Kh8 45. Qxg6 Qc1+ 46. Kg2 Qd2+ 47. Kf3 Qd1+ 48. Kg2 Qe2+ 1/2-1/2

[Event "45th Olympiad Budapest 2024"]
[Site "Budapest"]
[Date "2024.09.19"]
[Round "8"]
[Board "1"]
[White "Tin, Jingyao"]
[Black "Theodorou, Nikolas"]
[Result "1/2-1/2"]
[WhiteElo "2580"]
[BlackElo "2619"]
[PlyCount "121"]
[EventDate "2024.09.11"]
[EventType "team-tourn"]
[EventRounds "11"]
[EventCountry "HUN"]
[WhiteTeam "Singapore"]
[BlackTeam "Greece"]
[WhiteTeamCountry "SIN"]
[BlackTeamCountry "GRE"]

1. d4 e6 2. c4 b6 3. e4 Bb4+ 4. Bd2 Bxd2+ 5. Qxd2 d5 6. Bd3 Nc6 7. Nf3 dxe4 8. Bxe4 Bb7 9. Nc3 Nf6 10. Bc2 O-O 11. O-O-O $146 ({RR} 11. O-O Na5 12. Ne5 c5 13. Ne2 Qc7 14. Rac1 cxd4 15. Qxd4 Nc6 16. Nxc6 Qxc6 17. f3 Rad8 18. Qe3 h6 19. b3 Ng4 20. Qc3 Qc5+ 21. Kh1 Nf2+ 22. Rxf2 Qxf2 23. Qb2 Qe3 24. Ng3 Rd7 25. Nf1 Qf4 {0-1 Labruyere,R (2208)-Van Helvoort,R (2098) 59th Groningen Open 2023 (9.18)}) ({RR} 11. O-O Nb4 12. Bd1 c5 13. a3 Na6 14. Nb5 Nc7 15. dxc5 Nxb5 16. cxb5 bxc5 17. Qe3 Qb6 18. Be2 Nd5 19. Qd2 a6 20. bxa6 Bxa6 21. Bxa6 Qxa6 22. Rac1 c4 23. Ne5 Rfc8 24. Rfd1 Qa4 25. h3 c3 {0-1 Stearman,J (2360)-Boros,D (2402) 1000GM St Louis GM Jan 2023 (2.6)}) 11... Nb4 12. Bb1 c5 13. dxc5 Qc7 14. Qd6 Qxc5 15. Qxc5 bxc5 16. Rd6 Rfd8 17. Rhd1 Rxd6 18. Rxd6 Bxf3 19. gxf3 Kf8 20. a3 Ke7 21. Nb5 Rb8 22. axb4 Rxb5 23. Ra6 Rxb4 24. Rxa7+ Nd7 25. Bd3 g5 26. Kc2 f5 27. b3 h5 28. Kc3 Rb8 29. Bc2 Kd6 30. Bd1 Nf6 31. Rf7 Ke5 32. Rc7 g4 33. Rf7 Rd8 34. Kc2 Rd4 35. Rc7 gxf3 36. Bxf3 Rf4 37. Bb7 Rxf2+ 38. Kc3 Ne4+ 39. Bxe4 Kxe4 40. Rxc5 Rxh2 41. Rc6 e5 42. Rf6 Rh3+ 43. Kb2 f4 44. c5 Kd5 45. c6 Rg3 46. b4 Rg8 47. Kb3 h4 48. b5 Kc5 49. c7 Kxb5 50. Re6 h3 51. Rxe5+ Kc6 52. Rh5 Kxc7 53. Kc4 Rg3 54. Kd4 Re3 55. Rh4 Ra3 56. Ke4 Kd6 57. Rh6+ Ke7 58. Kxf4 Kf7 59. Kg4 Kg7 60. Rxh3 Rxh3 61. Kxh3 1/2-1/2

[Event "45th Olympiad Budapest 2024"]
[Site "Budapest"]
[Date "2024.09.19"]
[Round "8"]
[Board "2"]
[White "Kourkoulos-Arditis, Stamatis"]
[Black "Siddharth, Jagadeesh"]
[Result "1/2-1/2"]
[WhiteElo "2570"]
[BlackElo "2514"]
[PlyCount "60"]
[EventDate "2024.09.11"]
[EventType "team-tourn"]
[EventRounds "11"]
[EventCountry "HUN"]
[WhiteTeam "Greece"]
[BlackTeam "Singapore"]
[WhiteTeamCountry "GRE"]
[BlackTeamCountry "SIN"]

1. e4 c5 2. Nf3 d6 3. d4 cxd4 4. Nxd4 Nf6 5. Nc3 a6 6. Be2 e5 7. Nb3 Be7 8. Be3 Be6 9. Nd5 Nbd7 10. Qd3 Bxd5 11. exd5 Rc8 12. c4 O-O 13. O-O a5 14. Rac1 ({RR} 14. Nd2 Nc5 15. Qc2 Nfd7 16. Bg4 g6 17. Bxd7 Nxd7 18. Qb3 f5 19. f3 Bg5 20. f4 exf4 21. Bxf4 Nc5 22. Qg3 Bxf4 23. Qxf4 Qf6 24. b3 g5 25. Qf2 Rce8 26. Rad1 g4 27. Nb1 f4 28. Qd4 Qg5 {1-0 Anand,V (2794)-Shirov,A (2722) Leon Man+Comp rapid 2001 (2.3)}) 14... b6 ({RR} 14... g6 15. Bd2 a4 16. Na1 Nc5 17. Qh3 Nfe4 18. Bh6 Re8 19. Nc2 f5 20. Na3 Ng5 21. Qc3 Bf6 22. Nb5 e4 23. Bxg5 Bxg5 24. Rc2 Bf6 25. Qh3 Be5 26. Kh1 h5 27. Rb1 Kg7 28. b4 axb3 29. axb3 {0-1 Kulaots,K (2520)-Rodshtein,M (2593) TCh-FRA Top 16 GpB 2024 (4.10)}) 15. Nd2 g6 16. f4 $146 ({RR} 16. Kh1 Ne8 17. f4 f5 18. Qb3 Bf6 19. Nf3 Nc5 20. Qc2 Qe7 21. Rfe1 Qg7 22. b3 e4 23. Ng5 Bxg5 24. fxg5 f4 25. Bxc5 bxc5 26. Qxe4 Nc7 27. Bg4 Rce8 28. Be6+ Kh8 29. Rc2 Re7 30. Rf2 Rfe8 {½-½ Svidler,P (2696)-Polgar,J (2675) World Cup of Rapid Chess-A playoff 2001 (1.1)}) 16... exf4 17. Bxf4 Ne5 18. Qg3 Nfd7 19. Nb3 Bh4 20. Qe3 Re8 21. Qd2 Nc5 22. Nxc5 bxc5 23. Rc3 Rb8 24. Bd1 Qd7 25. Rh3 Bd8 26. Bxe5 Rxe5 27. Qh6 f5 28. g4 Qg7 29. Qxg7+ Kxg7 30. b3 fxg4 1/2-1/2